00788nac a22002291u 4500010001600000020001500016082001700031090001500048100003400063245006400097260005900161300003600220500002000256500002700276504003000303511002800333650003000361650002800391942001900419999001500438952010500453 a 78025588 a013516062600a621.811bPAU c6538d6538 aPaul, Burton, 10aKinematics and dynamics of planar machinery /cBurton Paul. aEnglewood Cliffs, N.J. :bPrentice-Hall,c1979.cc1979. axviii, 670 p. :bill. ;c25 cm. aIncludes index. aDistributer: Al-Ahram. aBibliography: p. 640-653. aCatalogued By: Mahitab. 0aMachinery, Kinematics of. 0aMachinery, Dynamics of. cBBk621.811PAU c6538d6538 00104070aMAINbMAINc1STd2007-11-26ePurchasel0o621.811PAUp000008044r2025-07-15 00:00:00yBB